000 00333nam a22001337a 4500
020 _qPB.
040 _cFIZZA ISHAQ
082 _a813.54
_bEDW
100 _aJONES,P.EDWARD.
_9133729
245 _aTHE KNOWN WORLD /
_cEDWARD P.JONES.
260 _aNEW YORK ;
_bHARPER COLLINS,
_c2003.
300 _a388 P. ;
_c8X5.2IN
942 _2ddc
_cBK
999 _c616690
_d616690